00698nam a22001457a 4500003000400000020001800004082001400022100001300036245007500049250000900124260004900133300000700182650001600189653034700205SGT a9788177392753 a657, GOE  aGOEL, DK aFINANCIAL ACCOUNTING SEMESTER 1ST OF B.COM 1ST PASS COURSE AND HONS. ) a13TH aNEW DELHI bAVICHAL PUBLISHING COMPANYc2012 aV. aACCOUNTING  aMEANING, AND SCOPE OF ACCOUNTING, BASIC ACCOUNTING TERMS, ACCOUNTING PRINCIPLE, ACCOUNTING STANDARDS, DOUBLE ENTRY SYSTEM, RECORDING OF ACCOUNTING TRANSACTIONS, TRIAL BALANCE, CAPITAL AND REVENUE, FINAL ACCOUNTING, ERRORS AND THEIR RECTIFICATION, DEPREDATION,PROVISIONS AND RESERVES, ACCOUNTING OF NON-PROFIT ORGANISATIONS, VOYAGE ACCOUNTS